000 00552nam a2200217Ia 4500
005 20250923150146.0
008 008 250917s9999 xx 000 0 eng d
037 _aTextual
040 _aDSWL
_beng
_cDSWL
041 _aeng
_2eng
084 _qDSWL
100 _aKadushin, A
_9842884
245 0 _aSupervision in social work
_cby A Kadushin
260 _aJaipur
_bRawat
_c2004
300 _a576p.
365 _aINR
_b895 .0
650 _a D Harkness
_9842885
925 _g895 .0
942 _cTEXL
999 _c1460240
_d1460240